| 000 | 00349nam a22001457a 4500 | ||
|---|---|---|---|
| 999 |
_c8975 _d8975 |
||
| 003 | OSt | ||
| 008 | 200714b ||||| |||| 00| 0 eng d | ||
| 100 | _aRastogi,Sameer | ||
| 245 | _aPractical Manual of Medicinal Chemistry-1 | ||
| 250 | _a2019 | ||
| 260 |
_aAgra _bR. Narain _c2019 |
||
| 300 | _a64 | ||
| 650 | _aMedicinal Chemistry | ||
| 942 |
_2ddc _cBK |
||